| 000 | 00800nam a22002177a 4500 | ||
|---|---|---|---|
| 999 |
_c178683 _d178683 |
||
| 005 | 20210409170102.0 | ||
| 010 | _aENG-129425 | ||
| 020 |
_c250.00 _a978-93-88016-58-2 |
||
| 035 | _aEN-112957 | ||
| 037 | _bDBAD/PUB | ||
| 082 | _a370.954 | ||
| 100 | _aVanaja, M. | ||
| 245 |
_aContemporary India and Education/ _bM. Vanaja, G. Padma Tulasi and N. Sridevi; Edited by V. Dayakara Reddy |
||
| 260 |
_aNew Delhi _bNeelkamal Publications _c2019 |
||
| 270 |
_a4764/1, 23, Ansari Road, Daryaganj _bNew Delhi _e110002 _k011-23244237, 98118-28953 _mneelkamalbooks@gmail.com |
||
| 300 |
_axi+268p. _c24cm(pbk) _bincluding bibliographical references, index. |
||
| 700 | _aG. Padma Tulasi | ||
| 700 | _aN. Srinivas | ||
| 700 | _aReddy, V. Dayakara, Ed. | ||
| 942 |
_2ddc _cEN _h370.954 _mVAN |
||